| 000 | 00988nas a2200325 4500 | ||
|---|---|---|---|
| 001 | BR2012008906 | ||
| 003 | BR-BrBNA | ||
| 005 | 20231205121507.0 | ||
| 007 | ta | ||
| 008 | 230509b bl.|||p| |||| 00| 00por d | ||
| 040 |
_aBR-BrBNA _bpor _cBiblioteca Nacional de Agricultura |
||
| 041 | _a(En) | ||
| 072 | _aF30 | ||
| 100 | 1 | _aDequigiovanni, G. | |
| 100 | 1 | _aRech, F. | |
| 100 | 1 | _aGomes, F.G.G. | |
| 100 | 1 | _aCerotti, I.S. | |
| 100 | 1 | _aFaoro, I. | |
| 100 | 1 | _aOliveira, P.R.D. de | |
| 100 | 1 | _aQuecini, V. | |
| 100 | 1 | _aRitschel, P. | |
| 245 | 1 | _aIdentification of a simple sequence repeat molecular-market set for large-scale analyses of pear germplasm | |
| 650 | _aPERA | ||
| 650 | _aGERMOPLASMA | ||
| 650 | _aRECURSO GENÉTICO | ||
| 650 | _aMARCADOR MOLECULAR | ||
| 773 | 0 |
_tCrop Breeding and Applied Biotechnology (Brazil) _xISSN 1518-7853 _g(Jun 2012), v. 12(2) p. 118-125 _wBR2012008906 |
|
| 909 |
_a202311 _bLúcia _c55 _dLúcia Elande |
||
| 942 |
_2AGRIS _n0 _cANA |
||
| 999 |
_c223825 _d223825 |
||